Recueil de poésies françoises des XVe et XVIe siècles (Record no. 163119)

MARC details
000 -LEADER
campo de control de longitud fija 01074nam a22002655i 4500
001 - NÚMERO DE CONTROL
campo de control 163119
003 - IDENTIFICADOR DE NÚMERO DE CONTROL
campo de control ES-MaACL
005 - FECHA Y HORA DE LA ÚLTIMA TRANSACCIÓN
campo de control 20251209194435.0
008 - DATOS DE LONGITUD FIJA--INFORMACIÓN GENERAL
campo de control de longitud fija 000210m18551878fr |||| | fre d
040 ## - FUENTE DE CATALOGACIÓN
Centro catalogador/agencia de origen CCPB | B
Lengua de catalogación spa
Centro/agencia transcriptor CCPB | B
080 ## - NÚMERO DE LA CLASIFICACIÓN DECIMAL UNIVERSAL
Número de la Clasificación Decimal Universal 821.133.1-1"14/15"(082.2)
245 00 - MENCIÓN DEL TÍTULO
Título Recueil de poésies françoises des XVe et XVIe siècles
Resto del título : morales facétieuses, historiques /
Mención de responsabilidad, etc. réunies et annotées par M. Anatole de Montaiglon et James de Rothschild.
260 ## - PUBLICACIÓN, DISTRIBUCIÓN, ETC.
Lugar de publicación, distribución, etc. Paris :
Nombre del editor, distribuidor, etc. P. Jannet,
Fecha de publicación, distribución, etc. 1855-1878 (
Fabricante Impr. Guiraudet et Jouaust)
300 ## - DESCRIPCIÓN FÍSICA
Extensión 13 v. ;
Dimensiones 17 cm.
490 1# - MENCIÓN DE SERIE
Mención de serie Bibliothèque Elzevirienne
650 #7 - PUNTO DE ACCESO ADICIONAL DE MATERIA--TÉRMINO DE MATERIA
Término de materia o nombre geográfico como elemento de entrada Poesía francesa-
Subdivisión cronológica Hasta S.XV
9 (RLIN) 154449
650 #7 - PUNTO DE ACCESO ADICIONAL DE MATERIA--TÉRMINO DE MATERIA
Término de materia o nombre geográfico como elemento de entrada Poesía francesa-
Subdivisión cronológica S.XVI
9 (RLIN) 154450
655 #7 - TERMINO DE INDIZACIÓN--GENERO/FORMA
Fuente del término tgfbne
Datos o término principal de género/forma Poesías
9 (RLIN) 176539
700 1# - ENTRADA AGREGADA--NOMBRE PERSONAL
Nombre de persona Montaiglon, Anatole de,
Fechas asociadas al nombre 1824-1895
9 (RLIN) 130075
700 1# - ENTRADA AGREGADA--NOMBRE PERSONAL
Nombre de persona Rothschild, James de,
Fechas asociadas al nombre 1844-1881
9 (RLIN) 154446
830 0# - PUNTO DE ACCESO ADICIONAL DE SERIE-TÍTULO UNIFORME
Título uniforme Bibliothèque Elzevirienne
9 (RLIN) 180979
852 ## - LOCALIZACIÓN
Ubicación ES-MaACL
Número de control de estantería G-2380-92
Nota libre -- Enc. tela
Encuadernación -- Edic.: Son 13 v., fechados 1855-1878
942 ## - ELEMENTOS DE ENTRADA SECUNDARIOS (KOHA)
Fuente del sistema de clasificación o colocación Clasificación decimal universal
Holdings
Estatus retirado Estado de pérdida Estado de daño No para préstamo Colección Biblioteca de origen Biblioteca actual Ubicación en estantería Fecha de adquisición Total de préstamos Signatura topográfica completa Código de barras Visto por última vez Precio de reemplazo Tipo de ítem Koha
        Libros del s. XIX Biblioteca del Ateneo de Madrid Biblioteca del Ateneo de Madrid Depósito 2 17/01/2008   G-2380-92 1170929 23/02/2023 23/02/2023 Libro impreso antiguo